Регионална библиотека "Любен Каравелов" - Русе

Илиада | Одисея (Запис номер 171142)

MARC детайли
000 -Лидер
Контролно поле с фиксирана дължина 01741nam a2200337 c 4500
003 - Код на организацията, давaща контролен номер
Контролно поле BLK
005 - Дата и час на последна редакция
Контролно поле 20180422114434.0
008 - Елементи от данни с фиксирана дължина
fixed length control field 180411b bul|||||r ||||||| ||bul||
010 ## - Наследен системен номер
LC control number KNG00179390000
040 ## - Източник на каталожния запис
Идентификатор на билиотеката - собственик на записа BLK
041 ## - Код за език
Код за езика на текст/звукозапис или на отделно заглавие Български
Код за езика КДБФ Български
080 ## - УДК
Текстов определител УДК Класическа гръцка литература. Старогръцка литература
УДК код - определител по УДК 821.142
УДК определител -1
УДК - код + определител 821.142-1
100 1# - Редна дума - Автор
Автор Омир
Авторска отговорност първи автор
R(LIN) 104719
139 ## - Редно поле
Редна дума Омир
Авторски знак Омир - О 56
245 10 - Сведения за заглавието
Заглавие Илиада
Подзаглавни данни Избрани откъси
Редно поле (дума) Омир; състав. и бел. Богдан Богданов; прев. от старогр. Александър Милев; с предг. от Александър Милев.
245 10 - Сведения за заглавието
Заглавие Одисея
Подзаглавни данни
Редно поле (дума)
257 ## - Страна на издаване
Страна на създаване/издаване Древна Гърция
260 ## - Област на издателските данни
-- София
Име на издателя, разпространителя и проч. Отечество
Година на издаване 1985
300 ## - Физическа характеристика
Страници 149 с.
Размери/Мащаб 21 см
380 ## - Жанр
Жанр Худож. лит.
490 1# - СЕРИИ (Колекции)
Име на серия Библиотека за ученика
500 ## - Общи забележки
Забележка Други прев.: Бл. Димитрова, Г. Батаклиев.-Съдържа и Омир и Омировия въпрос / Александър Милев ; Омировият въпрос - сюжет, герои и стил / Богдан Богданов.-Азб. показалец
700 1# - Други автори (авторска отговорност)
Лично име Богданов, Богдан
Автороска отговорност (Описва отношението между автора и произведението) състав. и бел.
9 (RLIN) 365783
700 1# - Други автори (авторска отговорност)
Лично име Милев, Александър
Автороска отговорност (Описва отношението между автора и произведението) прев. от старогр.
Друга информация Иванов, Александър Милев
9 (RLIN) 365434
700 1# - Други автори (авторска отговорност)
Лично име Милев, Александър
Автороска отговорност (Описва отношението между автора и произведението) с предг. от
Друга информация Иванов, Александър Милев
9 (RLIN) 365434
852 ## - Местоположение
Форматна сигнатура Цб 139867
856 4# - Електронен адрес и достъп
Електронен формат pdf - файл
Път до файла /url/
856 4# - Електронен адрес и достъп
Електронен формат pdf - файл
Път до файла /url/
942 ## - АРТИКУЛИ
Вид на библиотечния материал Книги
Скрит в OPAC Не
944 ## - СЪЗДАВАНЕ И РЕДАКЦИЯ на ЗАПИСА
Създаване/Редакция Създаване
Дата на регистрацията/редакция 10.08.2015
Служител, извършил регистрацията/редакцията Христина_Везирева
944 ## - СЪЗДАВАНЕ И РЕДАКЦИЯ на ЗАПИСА
Създаване/Редакция Редакция
Дата на регистрацията/редакция 10.08.2015
Служител, извършил регистрацията/редакцията Христина_Везирева
999 ## - СИСТЕМНИ КОНТРОЛНИ НОМЕРА
Koha biblionumber 171142
Koha biblioitemnumber 171142
Наличности
Код за отписване Код за изгубен артикул Източник на класификационната схема Код за повреда Коз за рестрикции Код за отдаване Артикулен № Име на библиотеката - собственик Име на библиотеката, в която се намира в момента Статус (Текущо местоположение) Дата на вписване в системата Местоположение - отдел Цена в лева Инвентарен номер Систематично азбучна сигнатура Баркод Номер на екземпляра Цена в евро Служебна бележка Служебен тип на артикула
  Не е изгубен Universal Decimal Classification Не е повреден без рестрикции ползва се в читалня 290726 Регионална библиотека "Любен Каравелов" Русе Регионална библиотека "Любен Каравелов" Русе Хранилище 1985-01-01 Хранилище 0.47 443726 Цб 139867 120000443726 1 0.24 Вид: Сф N: стар фонд Дата: 01.01.1985 Книги
Изтеглен Не е изгубен Universal Decimal Classification Не е повреден без рестрикции заемане за дома 290727 Регионална библиотека "Любен Каравелов" Русе Регионална библиотека "Любен Каравелов" Русе Заемна - подръчен фонд 1985-01-01 Заемна - подръчен фонд 0.47 446093 П 875-1/О 56 446093 2 0.24 Вид: Сф N: стар фонд Дата: 01.01.1985 Книги
Изтеглен Не е изгубен Universal Decimal Classification Не е повреден без рестрикции заемане за дома 290728 Регионална библиотека "Любен Каравелов" Русе Регионална библиотека "Любен Каравелов" Русе Заемна - подръчен фонд 1985-01-01 Заемна - подръчен фонд 0.47 446094 П 875-1/О 56 446094 3 0.24 Вид: Сф N: стар фонд Дата: 01.01.1985 Книги
Изтеглен Не е изгубен Universal Decimal Classification Не е повреден без рестрикции заемане за дома 290729 Регионална библиотека "Любен Каравелов" Русе Регионална библиотека "Любен Каравелов" Русе Заемна - подръчен фонд 1985-01-01 Заемна - подръчен фонд 0.47 446095 П 875-1/О 56 446095 4 0.24 Вид: Сф N: стар фонд Дата: 01.01.1985 Книги
Изтеглен Не е изгубен Universal Decimal Classification Не е повреден без рестрикции заемане за дома 290730 Регионална библиотека "Любен Каравелов" Русе Регионална библиотека "Любен Каравелов" Русе Заемна - подръчен фонд 1985-01-01 Заемна - подръчен фонд 0.47 446096 П 875-1/О 56 446096 5 0.24 Вид: Сф N: стар фонд Дата: 01.01.1985 Книги
Изтеглен Не е изгубен Universal Decimal Classification Не е повреден без рестрикции заемане за дома 290731 Регионална библиотека "Любен Каравелов" Русе Регионална библиотека "Любен Каравелов" Русе Заемна - подръчен фонд 1985-01-01 Заемна - подръчен фонд 0.47 446097 П 875-1/О 56 446097 6 0.24 Вид: Сф N: стар фонд Дата: 01.01.1985 Книги
Изтеглен Не е изгубен Universal Decimal Classification Не е повреден без рестрикции заемане за дома 290732 Регионална библиотека "Любен Каравелов" Русе Регионална библиотека "Любен Каравелов" Русе Заемна - подръчен фонд 1985-01-01 Заемна - подръчен фонд 0.47 446098 П 875-1/О 56 446098 7 0.24 Вид: Сф N: стар фонд Дата: 01.01.1985 Книги
Vip Innovations Ltd, Rousse, Bulgaria 2025